[Event "It (open)"]
[Site "masterchessopen.com Bad Woerishofen (Germany)"]
[Date "2009.03.13"]
[Round "9"]
[White "De Santis Alessio (ITA)"]
[Black "Farago Ivan (HUN)"]
[Result "0-1"]
[WhiteElo "2293"]
[BlackElo "2511"]

1.d4 Nf6 2.c4 e6 3.Nc3 Bb4 4.f3 d5 5.a3 Bxc3+ 6.bxc3 c5 7.cxd5 exd5 8.e3 Qc7
9.Ra2 cxd4 10.cxd4 Bf5 11.Ne2 Nbd7 12.Ng3 Bg6 13.Be2 Rc8 14.O-O O-O 15.Bd3
Qxc1 16.Qxc1 Rxc1 17.Rxc1 Bxd3 18.Rc7 Rb8 19.Rd2 Bg6 20.e4 Nb6 21.e5 Ne8
22.Rc5 Nc4 23.Ra2 Rd8 24.a4 b6 25.Rb5 Na5 26.Rd2 Nc7 27.Rb4 Nc4 28.Ra2 Na5
29.Rd2 Na6 30.Rb5 f6 31.exf6 gxf6 32.Ra2 Nc7 33.Rb4 Ne6 34.Ne2 Nc6 35.Rbb2 Bd3
36.a5 Nxa5 37.Rd2 Bb1 38.Ra4 Nc4 39.Rxc4 dxc4 40.d5 Nc5 {#R} 0-1

[Event "Ch Russia (juniors) (under 14) (1 league)"]
[Site "masterchessopen.com Dagomys (Russia)"]
[Date "2009.04.20"]
[Round "6"]
[White "Samdanov Samdan (RUS)"]
[Black "Vafin Ayrat (RUS)"]
[Result "0-1"]
[WhiteElo "1989"]
[BlackElo "2089"]

1.d4 Nf6 2.c4 e6 3.Nc3 Bb4 4.f3 d5 5.a3 Bxc3+ 6.bxc3 c5 7.cxd5 Nxd5 8.dxc5 f5
9.Nh3 Qf6 10.Qd4 Nc6 11.Qxf6 gxf6 12.Bd2 Bd7 13.e4 fxe4 14.fxe4 Nde7 15.Nf4
Ne5 16.Be2 N7c6 17.a4 Ke7 18.a5 a6 19.O-O Be8 20.Nh5 Bxh5 21.Bxh5 Rhd8 22.Bh6
Rd3 23.Bg7 Nd7 24.Ra3 Rg8 25.Bh6 Nxc5 26.Be2 Rd7 27.Bf3 Ne5 28.Kf2 Ng4+
29.Bxg4 Rxg4 30.Be3 Nd3+ 31.Kf3 Ne5+ 32.Kf2 Rxe4 33.h3 Rxe3 34.Rb3 Red3 {#R}
0-1

[Event "It (cat.4) \"]
[Site "masterchessopen.com Petach Tikva (Israel)"]
[Date "2009.04.20"]
[Round "6"]
[White "Kalka Arkadius Georg (GER)"]
[Black "Neimer Vitaly (ISR)"]
[Result "0-1"]
[WhiteElo "2373"]
[BlackElo "2350"]

1.d4 Nf6 2.c4 e6 3.Nc3 Bb4 4.f3 d5 5.a3 Bxc3+ 6.bxc3 c5 7.cxd5 Nxd5 8.dxc5 f5
9.c4 Qh4+ 10.g3 Qxc4 11.Bb2 Qxc5 12.Bxg7 Rg8 13.Bd4 Qa5+ 14.Kf2 e5 15.Bxe5 Nc6
16.Bd4 Be6 17.e4 fxe4 18.fxe4 O-O-O 19.Qc1 Rdf8+ 20.Nf3 Qa4 21.Bc4 Rxf3+
22.Kxf3 Nxd4+ 23.Kg2 Nf4+ 24.Qxf4 Qc2+ 25.Qf2 Qxe4+ 26.Kg1 Bxc4 27.h4 Rxg3+
{#R} 0-1

[Event "Ch Germany (juniors) (Internet) (under 18) (qual1)"]
[Site "masterchessopen.com Internet"]
[Date "2009.05.10"]
[Round "6"]
[White "Savchenko Alekseij (GER)"]
[Black "Graf Felix (GER)"]
[Result "0-1"]
[WhiteElo "2246"]
[BlackElo "2291"]

1.d4 e6 2.c4 Nf6 3.Nc3 Bb4 4.f3 d5 5.a3 Bxc3+ 6.bxc3 c5 7.cxd5 Nxd5 8.Qd3 f5
9.e4 c4 10.Qc2 Nb6 11.a4 a5 12.Ba3 Nc6 13.exf5 exf5 14.Bxc4 Nxc4 15.Qe2+ Kf7
16.Qxc4+ Be6 17.Qc5 Re8 18.Kf2 Rc8 19.Qd6 Qg5 20.f4 Qh4+ 21.g3 Qh5 22.Nf3 Rcd8
23.Ng5+ Kg8 24.Qxe6+ Rxe6 25.Nxe6 Re8 26.Rae1 h6 27.d5 Nb8 28.h4 Nd7 29.Nd4
Re4 30.Be7 Qf7 31.d6 Qa2+ 32.Kf3 Nc5 33.Rxe4 fxe4+ 34.Kg4 Qxa4 35.f5 Qd7
36.Kf4 a4 37.g4 a3 38.Ra1 Qa4 39.g5 hxg5+ 40.hxg5 Nb3 41.Nxb3 e3+ 42.Kxe3 Qxb3
43.d7 Qxc3+ 44.Kf4 Qd4+ 45.Kf3 Qxd7 46.Bxa3 Qxf5+ 47.Ke2 Qe5+ 48.Kf3 Qxa1 {#R}
0-1

[Event "Ch Germany (juniors) (Internet) (under 18) (qual1)"]
[Site "masterchessopen.com Internet"]
[Date "2009.05.10"]
[Round "4"]
[White "Savchenko Alekseij (GER)"]
[Black "Hirneise Jens (GER)"]
[Result "0-1"]
[WhiteElo "2246"]
[BlackElo "2284"]

1.d4 Nf6 2.c4 e6 3.Nc3 Bb4 4.f3 d5 5.a3 Bxc3+ 6.bxc3 c5 7.cxd5 Nxd5 8.Qd3 O-O
9.e4 Ne7 10.Ne2 Nbc6 11.h4 Qa5 12.Bd2 Rd8 13.Qe3 Qa4 14.dxc5 e5 15.h5 h6 16.g4
f6 17.Ng3 Be6 18.Nf5 Rd7 19.Rh2 Nxf5 20.gxf5 Bc4 21.Rg2 Bxf1 22.Kxf1 Qc4+
23.Kg1 Kh8 24.Kh1 Rad8 25.Rag1 Qf7 26.Rxg7 Qxh5+ 27.Kg2 Rxg7+ 28.Kf1 Qh3+
29.Ke1 Rxg1+ 30.Qxg1 Rg8 31.Qe3 Qh2 32.Kd1 Qg1+ {#R} 0-1

[Event "Tournament (Elo) (1)"]
[Site "masterchessopen.com Sta Eulalia de Roncana (Spain)"]
[Date "2009.05.14"]
[Round "4"]
[White "Soler Colomer Valenti (ESP)"]
[Black "Ortega Serra Marc (ESP)"]
[Result "0-1"]
[WhiteElo "2065"]
[BlackElo "2121"]

1.d4 Nf6 2.c4 e6 3.Nc3 Bb4 4.f3 d5 5.a3 Bxc3+ 6.bxc3 c5 7.cxd5 exd5 8.e3 cxd4
9.cxd4 Qc7 10.g4 g5 11.e4 dxe4 12.Bxg5 Qc3+ 13.Bd2 Qxd4 14.Rc1 O-O 15.Rc4 Qb6
16.Qc1 exf3 17.Nxf3 Re8+ 18.Be2 Be6 19.Rb4 Qc6 20.Bc3 Ne4 21.Rxe4 Qxe4 22.Qg5+
Qg6 23.Qe5 f6 24.Qxf6 Qxf6 25.Bxf6 Bc4 26.Ne5 Bxe2 27.Kxe2 Nd7 {#R} 0-1

[Event "Memorial Kamen Piskov"]
[Site "masterchessopen.com Sofia (Bulgaria)"]
[Date "2009.08.02"]
[Round "2"]
[White "Janakiev Ivan (BUL)"]
[Black "Ljangov Petar (BUL)"]
[Result "1-0"]
[WhiteElo "2232"]
[BlackElo "2124"]

1.d4 Nf6 2.c4 e6 3.Nc3 Bb4 4.f3 d5 5.a3 Bxc3+ 6.bxc3 c5 7.cxd5 Nxd5 8.dxc5 Qa5
9.e4 Ne7 10.Qd4 O-O 11.Qb4 Qc7 12.Be3 Nbc6 13.Qb2 Ne5 14.Be2 Nd7 15.Qb5 b6
16.Nh3 Nxc5 17.Bxc5 bxc5 18.Rb1 Rd8 19.O-O Bd7 20.Qb7 Qxb7 21.Rxb7 Nc6 22.Rd1
Be8 23.Rxd8 Rxd8 24.Bb5 Kf8 25.Bxc6 Bxc6 26.Rxa7 Rd1+ 27.Kf2 Rd2+ 28.Kg3 Bb5
29.Ng5 h6 30.Rxf7+ Ke8 31.Rb7 Bc4 32.Nf7 Bf1 33.Kf4 Rxg2 34.Ke5 Rxh2 35.Nd6+
Kf8 36.Kxe6 Bh3+ 37.Ke5 Rc2 38.f4 Rxc3 39.a4 Ra3 40.Ra7 h5 41.f5 h4 42.Ke6 Kg8
43.Ra8+ Kh7 44.Nf7 Bxf5+ 45.exf5 Re3+ 46.Kd6 g5 47.Nxg5+ Kg7 48.Ne6+ Kf7
49.Ra7+ {#r} 1-0

[Event "Olympiad (under 16)"]
[Site "masterchessopen.com Akhisar-Manisa (Turkey)"]
[Date "2009.09.28"]
[Round "6"]
[White "Petrosyan Tigran (ARM)"]
[Black "Sathyanandha Saravanan (ENG)"]
[Result "1-0"]
[WhiteElo "2073"]
[BlackElo "1970"]

1.d4 Nf6 2.c4 e6 3.Nc3 Bb4 4.f3 d5 5.a3 Bxc3+ 6.bxc3 c5 7.cxd5 Nxd5 8.dxc5 Qa5
9.e4 Ne7 10.Be3 O-O 11.Qb3 Nec6 12.Rd1 Nd7 13.Bb5 Rb8 14.Ne2 a6 15.Bxc6 bxc6
16.Qc4 Rb2 17.Kf2 Ne5 18.Qd4 Qb5 19.Rd2 Rxd2 20.Qxd2 Nd3+ 21.Kg3 f5 22.exf5
exf5 23.Qa2+ Kh8 24.Rb1 Qa5 25.Qc4 Ne5 26.Qd4 Nf7 27.Qf4 Kg8 28.Bd4 Re8 29.Nc1
Qd8 30.h4 Qe7 31.Nd3 Rf8 32.Kh2 Nd8 33.Qg3 Ne6 34.Nf4 Nxf4 35.Qxf4 Be6 36.Re1
Re8 37.Rb1 Qd7 38.Rb6 Bd5 39.Rxa6 h6 40.Rb6 Re2 41.Rb8+ Kh7 42.Rf8 Be6 43.Qd6
Qb7 44.Re8 Bc4 45.Rd8 Bd5 46.Rd7 {#r} 1-0

[Event "Ch France (team) (nat.1) 2009/10"]
[Site "masterchessopen.com France"]
[Date "2009.10.04"]
[Round "1"]
[White "Villegas Pierre (FRA)"]
[Black "Dobrev Nanko (BUL)"]
[Result "0-1"]
[WhiteElo "2202"]
[BlackElo "2352"]

1.d4 Nf6 2.c4 e6 3.Nc3 Bb4 4.f3 d5 5.a3 Bxc3+ 6.bxc3 c5 7.cxd5 exd5 8.e3 Bf5
9.Ne2 Nc6 10.g4 Bd7 11.Ng3 Qc7 12.g5 Ng8 13.Kf2 h6 14.dxc5 Ne5 15.e4 hxg5
16.Bxg5 dxe4 17.Nxe4 Bc6 18.Qd4 f6 19.Bf4 Bxe4 20.Qxe4 O-O-O 21.c6 Qxc6
22.Qf5+ Kb8 23.Bxe5+ fxe5 24.Qxe5+ Ka8 25.Bb5 Qb6+ 26.Ke2 Nf6 27.a4 Rd5 28.Qe3
Qd6 {#R} 0-1

[Event "It \"]
[Site "masterchessopen.com Moscow (Russia)"]
[Date "2009.10.20"]
[Round "3"]
[White "Yudkevich Mikhail (RUS)"]
[Black "Gousseinov Aguif (FRA)"]
[Result "1-0"]
[WhiteElo "2159"]
[BlackElo "2021"]

1.d4 Nf6 2.c4 e6 3.Nc3 Bb4 4.f3 d5 5.a3 Bxc3+ 6.bxc3 c5 7.cxd5 cxd4 8.dxe6
dxc3 9.exf7+ Kxf7 10.Qb3+ Qd5 11.Qxc3 Rd8 12.e4 Qd1+ 13.Kf2 Be6 14.Bc4 Nbd7
15.Bxe6+ Kxe6 16.Qc4+ Ke7 17.a4 Nc5 18.Qxc5+ Kf7 19.Qc4+ Kg6 20.Ne2 Qxh1
21.Nf4+ Kh6 22.Nd5+ Kh5 23.Nxf6+ gxf6 24.Qf7+ {#r} 1-0

[Event "Tournament (Elo)"]
[Site "masterchessopen.com Krasnoyarsk (Russia)"]
[Round "0"]
[White "Ubiennykh Ekaterina (RUS)"]
[Black "Pavlov Oleg (RUS)"]
[Result "1-0"]
[WhiteElo "2270"]
[BlackElo "2314"]

1.d4 Nf6 2.c4 e6 3.Nc3 Bb4 4.f3 d5 5.a3 Bxc3+ 6.bxc3 c5 7.cxd5 Nxd5 8.dxc5 f5
9.Nh3 O-O 10.c4 Qf6 11.Bg5 Qc3+ 12.Bd2 Qxc4 13.e4 Qxc5 14.exd5 exd5 15.Be2 Nc6
16.Nf2 f4 17.O-O Bf5 18.Bxf4 Rae8 19.Bg3 Nd4 20.Bd3 Re6 21.Kh1 Rfe8 22.Qa4 b5
23.Qb4 Qb6 24.Bc7 Qxc7 25.Qxd4 Bxd3 26.Qxd3 Qc5 27.Rad1 Re2 28.Ne4 Qe3
29.Qxd5+ Kh8 30.Qxb5 {#r} 1-0

[Event "Czech League 2009/10 (2nd) (b)"]
[Site "masterchessopen.com Czech Republic"]
[Date "2009.12.06"]
[Round "4"]
[White "Plesek Jiri (CZE)"]
[Black "Dvorak Jan (CZE)"]
[Result "1-0"]
[WhiteElo "2150"]
[BlackElo "2179"]

1.d4 e6 2.c4 Nf6 3.Nc3 Bb4 4.a3 Bxc3+ 5.bxc3 c5 6.f3 d5 7.cxd5 exd5 8.e3 O-O
9.Bd3 Re8 10.Ne2 b6 11.O-O Bb7 12.Ng3 Nc6 13.Ra2 Qc7 14.Re2 Rad8 15.Bb2 Qc8
16.Rfe1 Ba6 17.Bf5 Bxe2 18.Rxe2 Qc7 19.e4 Ne7 20.e5 Nxf5 21.Nxf5 Nd7 22.Qe1
Nf8 23.Qg3 Ne6 24.Bc1 cxd4 25.Bh6 f6 26.cxd4 Rd7 27.Qg4 Ng5 28.Nxg7 Rxe5
29.dxe5 Qc5+ 30.Kf1 {#r} 1-0

[Event "It (open) \"]
[Site "masterchessopen.com Hastings (England)"]
[Date "2010.01.03"]
[Round "7"]
[White "Muheim Sebastien (FRA)"]
[Black "Kwiatkowski Feliks J (ENG)"]
[Result "0-1"]
[WhiteElo "2105"]
[BlackElo "2246"]

1.d4 Nf6 2.c4 e6 3.Nc3 Bb4 4.a3 Bxc3+ 5.bxc3 c5 6.f3 d5 7.cxd5 Nxd5 8.Qd3 b6
9.e4 Ba6 10.Qd2 Bxf1 11.Kxf1 Ne7 12.dxc5 Qc7 13.cxb6 axb6 14.Qb2 O-O 15.Be3
Nd7 16.Ne2 Nc6 17.g3 Nce5 18.Kg2 Nc4 19.Qc1 Ra4 20.Nd4 Rfa8 21.Rd1 Rxa3
22.Rxa3 Rxa3 23.Bf2 Ra2 24.Kg1 h6 25.Nb5 Qc6 26.Nd4 Qa4 27.f4 Nc5 28.Nf3 Nd3
29.Qb1 Nxf2 {#R} 0-1

[Event "It (cat.7)"]
[Site "masterchessopen.com Kecskemet (Hungary)"]
[Date "2010.01.26"]
[Round "4"]
[White "Galyas Miklos (HUN)"]
[Black "Berend Fred (LUX)"]
[Result "1-0"]
[WhiteElo "2484"]
[BlackElo "2382"]

1.d4 Nf6 2.c4 e6 3.Nc3 Bb4 4.f3 d5 5.a3 Bxc3+ 6.bxc3 c5 7.cxd5 Nxd5 8.dxc5 f5
9.Nh3 O-O 10.Nf4 Na6 11.Nxd5 Qxd5 12.Qxd5 exd5 13.Bf4 Rf6 14.Bd6 b6 15.e4 fxe4
16.fxe4 Nxc5 17.Bxc5 bxc5 18.O-O-O Rb8 19.exd5 Rb3 20.d6 Rxc3+ 21.Kb2 Re3
22.Bc4+ Kf8 23.d7 Rf2+ 24.Kb1 Bxd7 25.Rxd7 Rxg2 26.Rf1+ Ke8 27.Rxa7 {#r} 1-0

[Event "It (cat.7)"]
[Site "masterchessopen.com Kharkov (Ukraine)"]
[Round "6"]
[White "Simantsev Mikhail (UKR)"]
[Black "Mischuk Dmitry (UKR)"]
[Result "1-0"]
[WhiteElo "2541"]
[BlackElo "2355"]

1.d4 Nf6 2.c4 e6 3.Nc3 Bb4 4.f3 d5 5.a3 Bxc3+ 6.bxc3 c5 7.cxd5 Nxd5 8.dxc5 f5
9.e4 fxe4 10.Qc2 e3 11.Bd3 O-O 12.c4 Qa5+ 13.Kf1 Nf6 14.Bxe3 Na6 15.c6 bxc6
16.Bd2 Qc5 17.Nh3 e5 18.Nf2 Be6 19.Qc3 Rad8 20.Be3 Qe7 21.Qxe5 Rd7 22.Re1 Rfd8
23.Qc3 Qf7 24.Kg1 c5 25.h3 Nh5 26.Bg5 Re8 27.Ne4 Nf4 28.Nf6+ gxf6 29.Bxf4 Red8
30.Bf1 Nb8 31.h4 Nc6 32.h5 Nd4 33.h6 Qg6 34.Rh4 Kh8 35.Kf2 Rg8 36.g4 Rgd8
37.Bd3 Qf7 38.Rh5 Nxf3 39.Rxe6 Qxe6 40.Bf5 Qe1+ 41.Qxe1 Nxe1 42.Kxe1 {#r} 1-0

[Event "Ch City"]
[Site "masterchessopen.com Kiev (Ukraine)"]
[Date "2010.03.05"]
[Round "2"]
[White "Marusenko Petr (UKR)"]
[Black "Pavlov Sergey (UKR)"]
[Result "0-1"]
[WhiteElo "2206"]
[BlackElo "2539"]

1.d4 Nf6 2.c4 e6 3.Nc3 Bb4 4.f3 d5 5.a3 Bxc3+ 6.bxc3 c5 7.cxd5 exd5 8.e3 c4
9.Ne2 Nc6 10.Ng3 h5 11.h4 Na5 12.e4 Nb3 13.Rb1 Qa5 14.Bb2 Be6 15.e5 Ng8 16.f4
Ne7 17.Nxh5 Nf5 18.Kf2 O-O-O 19.g4 Rxh5 20.gxh5 f6 21.exf6 Qc7 22.Bc1 Nd6
23.Bg2 gxf6 24.Rxb3 cxb3 25.Qxb3 f5 26.Be3 Qg7 27.Bf3 Rg8 28.Ke2 Nc4 29.Qb5
Kb8 30.Bf2 Bd7 31.Qb4 a5 32.Qb3 Ba4 33.Qa2 Qe7+ 34.Kd3 Rg3 35.Qe2 Qe4+ 36.Qxe4
fxe4+ 37.Ke2 exf3+ 38.Ke1 Rg8 39.f5 Bc2 40.Rh3 Bxf5 41.Rg3 Rxg3 42.Bxg3+ Kc8
43.Kf2 Be4 {#R} 0-1

[Event "It (open)"]
[Site "masterchessopen.com Sao Jose dos Pinhais (Brazil)"]
[Date "2010.04.03"]
[Round "5"]
[White "Abdalla Luiz Guilherme Aurelli (BRA)"]
[Black "Mareco Sandro (ARG)"]
[Result "0-1"]
[WhiteElo "2294"]
[BlackElo "2560"]

1.d4 Nf6 2.c4 e6 3.Nc3 Bb4 4.a3 Bxc3+ 5.bxc3 c5 6.f3 d5 7.cxd5 Nxd5 8.dxc5 Qa5
9.e4 Nf6 10.Be3 O-O 11.Qb3 Qc7 12.Ne2 Nfd7 13.Nd4 Nxc5 14.Qc4 b6 15.Nb5 Qc6
16.Rd1 Nbd7 17.Be2 Ba6 18.O-O Ne5 19.Qb4 Ncd3 20.Rxd3 Bxb5 21.Rd6 Bxe2 22.Rxc6
Nxc6 23.Qa4 Bxf1 24.Kxf1 Rac8 25.c4 Ne5 26.Qxa7 Nxc4 27.Bc1 Rfd8 28.Kf2 h6
29.Qa4 Nd2 30.Bxd2 Rxd2+ 31.Kg3 g5 32.Kh3 Rcc2 33.g3 h5 {#R} 0-1

[Event "Ch Valencia (juniors) (under 18)"]
[Site "masterchessopen.com La Pechina (Spain)"]
[Date "2010.04.07"]
[Round "1"]
[White "Cebrian Flores Juan A"]
[Black "Alcaraz Ortega Javier (ESP)"]
[Result "0-1"]
[WhiteElo "1642"]
[BlackElo "2229"]

1.d4 Nf6 2.c4 e6 3.Nc3 Bb4 4.f3 d5 5.a3 Bxc3+ 6.bxc3 c5 7.cxd5 exd5 8.e3 Qc7
9.Ne2 O-O 10.Ng3 h5 11.Bd2 h4 12.Ne2 Nc6 13.Nf4 Re8 14.Be2 Ne7 15.Kf2 c4 16.g3
g5 17.Ng2 hxg3+ 18.hxg3 Kg7 19.g4 Ng6 20.Rh3 Bd7 21.Qc2 Qd6 22.Qb2 Bxg4
23.fxg4 Ne4+ 24.Ke1 Rh8 25.Rxh8 Rxh8 26.Kd1 Qg3 27.Ne1 Rh2 28.Rb1 Nh4 29.Bxc4
dxc4 30.Qc2 Qxg4+ {#R} 0-1

[Event "Ch France (juniors) (under 16)"]
[Site "masterchessopen.com Troyes (France)"]
[Date "2010.04.12"]
[Round "2"]
[White "Muheim Sebastian (SUI)"]
[Black "Boure Hugo (FRA)"]
[Result "1-0"]
[WhiteElo "2175"]
[BlackElo "1909"]

1.d4 Nf6 2.c4 e6 3.Nc3 Bb4 4.a3 Bxc3+ 5.bxc3 c5 6.f3 d5 7.cxd5 exd5 8.e3 Qc7
9.Ra2 Bf5 10.g4 Bg6 11.Bg2 O-O 12.Ne2 Re8 13.O-O cxd4 14.cxd4 h6 15.Nf4 Bh7
16.Qb3 Qd7 17.h4 g5 18.hxg5 hxg5 19.Nd3 Qe7 20.Ne5 Nbd7 21.f4 Nxe5 22.fxe5 Ne4
23.Rb2 b6 24.Qxd5 Red8 25.Qc6 Rac8 26.Qh6 Ng3 27.Re1 Rc2 28.Rxc2 Bxc2 29.Qc6
Bd3 30.Kf2 Ne2 31.Rxe2 Bxe2 32.Kxe2 Rd7 33.Bd2 Qd8 34.Be4 Kg7 35.Bb4 Rc7
36.Qd6 Rd7 37.Qf6+ Qxf6 38.exf6+ Kxf6 39.Bf5 Rd5 40.e4 {#r} 1-0

[Event "It (open)"]
[Site "masterchessopen.com Triesen (Liechtenstein)"]
[Date "2010.05.14"]
[Round "8"]
[White "Malaniuk Vladimir P (UKR)"]
[Black "Grabher Heinz (AUT)"]
[Result "1-0"]
[WhiteElo "2527"]
[BlackElo "2246"]

1.d4 Nf6 2.c4 e6 3.Nc3 Bb4 4.f3 d5 5.a3 Bxc3+ 6.bxc3 c5 7.cxd5 exd5 8.e3 O-O
9.Bd3 b6 10.Ne2 Nc6 11.O-O Re8 12.Ra2 Be6 13.Ng3 Rc8 14.Re1 Na5 15.Rf2 cxd4
16.cxd4 Nc4 17.Bb1 Rc6 18.Qd3 Rd6 19.Rd1 b5 20.h3 g6 21.e4 Nd7 22.e5 Qh4 23.f4
Rb6 24.f5 Ncxe5 25.dxe5 Nxe5 26.fxe6 {#r} 1-0

[Event "It (open)"]
[Site "masterchessopen.com Hradec Kralove (Czech Republic)"]
[Date "2010.05.22"]
[Round "9"]
[White "Prachar Josef (CZE)"]
[Black "Portych Vaclav (CZE)"]
[Result "1-0"]
[WhiteElo "1922"]
[BlackElo "1825"]

1.d4 Nf6 2.c4 e6 3.Nc3 Bb4 4.a3 Bxc3+ 5.bxc3 c5 6.f3 d5 7.cxd5 cxd4 8.dxe6
Bxe6 9.cxd4 Nc6 10.e3 O-O 11.Bd3 Re8 12.Ne2 Qa5+ 13.Bd2 Qg5 14.Kf2 Bd7 15.e4
Qh5 16.h3 g5 17.g4 Qh4+ 18.Kg2 Ne7 19.Be1 Qh6 20.h4 Ng6 21.hxg5 Qxg5 22.Bg3
Qa5 23.d5 Bb5 24.Bxb5 Qxb5 25.Nd4 Qb2+ 26.Kh3 Rac8 27.Rh2 Qb6 28.Nf5 Red8
29.d6 Nd7 30.Rb1 Qc6 31.Qd4 f6 32.g5 Qc5 33.gxf6 Qxd4 34.f7+ Kxf7 35.Nxd4 Nde5
36.Rxb7+ Rd7 37.Rhb2 Ke8 38.Rb8 Rxb8 39.Rxb8+ Kf7 40.f4 Nd3 41.e5 Ndxf4+
42.Bxf4 Nxf4+ 43.Kg4 {#r} 1-0

[Event "It (open)"]
[Site "masterchessopen.com Albena (Bulgaria)"]
[Date "2010.06.04"]
[Round "2"]
[White "Piskovets Nikita (RUS)"]
[Black "Drasko Milan (MNE)"]
[Result "0-1"]
[WhiteElo "2154"]
[BlackElo "2486"]

1.d4 e6 2.c4 Nf6 3.Nc3 Bb4 4.f3 d5 5.a3 Bxc3+ 6.bxc3 c5 7.cxd5 Nxd5 8.Qc2 cxd4
9.cxd4 O-O 10.e3 b6 11.Bd3 h6 12.Ne2 Ba6 13.e4 Ne7 14.O-O Qc8 15.Qb3 Nbc6
16.Bd2 Rd8 17.Rfc1 Qb7 18.Bxa6 Qxa6 19.Qe3 Qa4 20.Bc3 Rd7 21.Rd1 Rad8 22.Rd2
Na5 23.Bxa5 Qxa5 24.Rc1 Rc8 25.Rxc8+ Nxc8 26.Qc3 Qxc3 27.Nxc3 Rc7 28.Rd3 Nd6
29.d5 e5 30.Kf2 b5 31.Ne2 Kf8 32.Rc3 Rc4 33.Ke1 Ke7 34.Kd2 Ra4 35.Rb3 Nc4+
36.Ke1 a6 37.f4 exf4 38.Nd4 Nxa3 39.Nf5+ Kd7 40.Kf2 Nc4 41.g3 Nd2 42.Rd3 Nxe4+
43.Kf3 Ng5+ 44.Kf2 Ra2+ 45.Kg1 f3 46.Rd1 Nh3+ {#R} 0-1

[Event "It (open) (b)"]
[Site "masterchessopen.com Pardubice (Czech Republic)"]
[Date "2010.07.28"]
[Round "6"]
[White "Brokken Dennis (NED)"]
[Black "Kirsanova Ekaterina (RUS)"]
[Result "1-0"]
[WhiteElo "2313"]
[BlackElo "2154"]

1.d4 Nf6 2.c4 e6 3.Nc3 Bb4 4.f3 d5 5.a3 Bxc3+ 6.bxc3 c5 7.cxd5 exd5 8.Bg5 Qa5
9.Qd2 cxd4 10.cxd4 Qxd2+ 11.Kxd2 Nc6 12.e3 Bf5 13.Bd3 Bxd3 14.Kxd3 Nd7 15.Ne2
O-O 16.Rhc1 h6 17.Bh4 Nb6 18.Be1 Rfe8 19.Rab1 Re7 20.Nf4 Rae8 21.Bf2 g5 22.Nh5
Rc8 23.g4 Kh7 24.Bg3 Kg6 25.e4 f6 26.Re1 Kf7 27.e5 fxe5 28.dxe5 Na4 29.e6+ Kg6
30.Bd6 Ree8 31.Rxb7 Rg8 32.e7 {#r} 1-0

[Event "Ch Serbia (team) (1 league)"]
[Site "masterchessopen.com Valjevo (Serbia)"]
[Date "2010.09.19"]
[Round "2"]
[White "Simantsev Mikhail (UKR)"]
[Black "Milanovic Slavisa (MNE)"]
[Result "1-0"]
[WhiteElo "2541"]
[BlackElo "2389"]

1.d4 e6 2.c4 Nf6 3.Nc3 Bb4 4.f3 d5 5.a3 Bxc3+ 6.bxc3 c5 7.cxd5 Nxd5 8.dxc5 f5
9.e4 fxe4 10.Qc2 O-O 11.fxe4 Qh4+ 12.g3 Qf6 13.Bg2 Qxc3+ 14.Qxc3 Nxc3 15.Bf4
Nc6 16.Bd6 Rf7 17.e5 Bd7 18.Ne2 Nxe2 19.Kxe2 Nd4+ 20.Kd3 Bc6 21.Be4 Bxe4+
22.Kxe4 Nb3 23.Ra2 Rc8 24.Rc2 Na5 25.Rb1 Nc6 26.Rcb2 Nd8 27.g4 g5 28.Ke3 Rc6
29.Rf2 Rxf2 30.Kxf2 b6 31.Ke3 Nf7 32.Kd4 Kg7 33.Rb5 Kg6 34.a4 h5 35.gxh5+ Kxh5
36.Bb8 bxc5+ 37.Rxc5 Rb6 38.Rb5 Ra6 39.a5 Nd8 40.Bc7 Nc6+ 41.Kc4 {#r} 1-0

[Event "Olympiad"]
[Site "masterchessopen.com Khanty Mansyisk (Russia)"]
[Date "2010.09.24"]
[Round "4"]
[White "Halay Taufik (INA)"]
[Black "Garcia Raul (AND)"]
[Result "1-0"]
[WhiteElo "2358"]
[BlackElo "2236"]

1.d4 Nf6 2.c4 e6 3.Nc3 Bb4 4.a3 Bxc3+ 5.bxc3 c5 6.f3 d5 7.cxd5 Nxd5 8.dxc5 Qa5
9.e4 Ne7 10.Be3 Nec6 11.Ne2 O-O 12.Nf4 Nd7 13.Nd3 Qxc3+ 14.Kf2 Rd8 15.Qc1 Qxc1
16.Rxc1 e5 17.Nb4 Nf8 18.Nd5 Ne6 19.g3 Kf8 20.f4 f6 21.f5 Ned4 22.g4 Bd7
23.Bc4 Be8 24.g5 fxg5 25.Bxg5 Rd7 26.Ke3 h6 27.Bh4 Bf7 28.Rhf1 Na5 29.Ba2 Rc8
30.Bg3 Ndc6 31.f6 g6 32.Rfd1 Rcd8 33.Be1 Be6 34.Rb1 a6 35.Rb6 Kf7 36.Bxa5 Nxa5
37.Rxe6 Kxe6 38.Nb6+ Kxf6 39.Rxd7 {#r} 1-0

[Event "It (open)"]
[Site "masterchessopen.com Goiania (Brazil)"]
[Date "2010.09.25"]
[Round "3"]
[White "Aguiar Lucas (BRA)"]
[Black "Coelho Luis (BRA)"]
[Result "0-1"]
[WhiteElo "2070"]
[BlackElo "2381"]

1.d4 Nf6 2.c4 e6 3.Nc3 Bb4 4.f3 d5 5.a3 Bxc3+ 6.bxc3 c5 7.cxd5 Nxd5 8.Qd2 f5
9.Nh3 O-O 10.e3 Nc6 11.Bb2 Kh8 12.Bd3 Qh4+ 13.Nf2 Qg5 14.Ke2 cxd4 15.cxd4 f4
16.e4 Ne3 17.g3 Qd8 18.gxf4 Ng2 19.f5 exf5 20.d5 fxe4 21.Bxe4 Nf4+ 22.Ke1 Ne7
23.Rg1 Neg6 24.Rxg6 hxg6 25.Qd4 Rf7 26.d6 Qb6 27.Rc1 Qxd4 28.Bxd4 Bf5 29.Kd2
Rd8 30.Be5 g5 31.Ke3 Ng6 32.Bg3 Nf4 33.Bxf5 Rxf5 34.Ne4 Ne6 35.Rc7 Nxc7
36.dxc7 Re8 37.Kd4 Rf7 38.Nd6 Rd7 39.Kd5 Rc8 40.Ke6 Rdxc7 41.Nxc8 Rxc8 {#R}
0-1

[Event "Czech League 2010/11 (2nd) (d)"]
[Site "masterchessopen.com Czech Republic"]
[Date "2010.10.17"]
[Round "1"]
[White "Hlavacek Robert (CZE)"]
[Black "Rehurek Lukas (CZE)"]
[Result "1-0"]
[WhiteElo "2236"]
[BlackElo "2186"]

1.d4 Nf6 2.c4 e6 3.Nc3 Bb4 4.f3 d5 5.a3 Bxc3+ 6.bxc3 c5 7.cxd5 Nxd5 8.dxc5 Qa5
9.e4 Nf6 10.Ne2 Nbd7 11.Qd6 Nxc5 12.Be3 Ncd7 13.Qb4 Qxb4 14.axb4 a6 15.Nd4 O-O
16.Be2 Rd8 17.O-O e5 18.Nb3 b6 19.Rfd1 Bb7 20.Rd2 Kf8 21.Rda2 Rac8 22.c4 Ne8
23.Rd2 Ke7 24.Rad1 f6 25.Bf1 Ba8 26.Kf2 Bb7 27.g3 {#r} 1-0

[Event "Ch City (seniors) (open)"]
[Site "masterchessopen.com Berlin (Germany)"]
[Date "2011.02.02"]
[Round "5"]
[White "Hoffmann Peter (GER)"]
[Black "Burger Heinrich (GER)"]
[Result "0-1"]
[WhiteElo "1766"]
[BlackElo "2159"]

1.d4 Nf6 2.c4 e6 3.Nc3 Bb4 4.f3 d5 5.a3 Bxc3+ 6.bxc3 c5 7.cxd5 Nxd5 8.dxc5 Qa5
9.e4 Nf6 10.Be3 O-O 11.Nh3 Nbd7 12.Qb3 Qc7 13.Qc4 e5 14.Be2 Nb8 15.O-O Be6
16.Qb5 Nc6 17.Rab1 Rab8 18.Rfd1 h6 19.Nf2 Rfc8 20.g3 Nd7 21.Bc4 Bxc4 22.Qxc4
Rd8 23.Rd5 Ne7 24.Rbd1 Nxd5 25.exd5 Nf8 26.Qg4 Kh8 27.h4 Qd7 28.Qe4 Re8 29.h5
f5 30.Qd3 Nh7 31.Kg2 Nf6 32.Qc4 Rbc8 33.g4 e4 34.g5 exf3+ 35.Kxf3 Ng4 36.Nxg4
fxg4+ 37.Ke2 Qe7 38.Rd3 Qxg5 39.d6 Rcd8 40.Qf7 Qxc5 41.Kd2 Qxa3 42.Bd4 Qb2+
43.Kd1 Qb1+ 44.Kd2 Qe1+ 45.Kc2 Re2+ 46.Kb3 Qb1+ {#R} 0-1

[Event "Czech League 2010/11 (krajsky prebor)"]
[Site "masterchessopen.com Czech Republic"]
[Date "2011.04.03"]
[Round "11"]
[White "Purnoch Josef (CZE)"]
[Black "Drabek Vojtech (CZE)"]
[Result "0-1"]
[WhiteElo "2127"]
[BlackElo "2128"]

1.d4 Nf6 2.c4 e6 3.Nc3 Bb4 4.f3 d5 5.a3 Bxc3+ 6.bxc3 c5 7.cxd5 Nxd5 8.dxc5 f5
9.Nh3 O-O 10.Nf2 Qa5 11.e4 Nf6 12.Qb3 fxe4 13.fxe4 Qxc5 14.Bc4 Nc6 15.Qb5 Qxb5
16.Bxb5 Ne5 17.O-O Bd7 18.Rb1 b6 19.Bf4 Bxb5 20.Rxb5 Nc4 21.a4 Rac8 22.g3 h6
23.Rd1 Rfd8 24.Rd4 Nd7 25.Rb4 Nde5 26.Bxe5 Nxe5 27.Kg2 Rf8 28.Rb5 Nf3 29.Rd7
Rxc3 30.Ng4 Rc2+ 31.Kh3 Ng5+ 32.Kh4 Nxe4 33.Rxa7 Rc4 34.Ne5 Rd4 35.Nc6 Rd2
36.h3 Nf6 37.Ne7+ Kh7 38.Nc6 Kh8 39.g4 g5+ 40.Kg3 Ne4# 0-1